000 00298nam a2200097Ia 4500
008 220204s9999 xx 000 0 und d
082 _a339.5
_bIND;1
245 0 _aIndia's trade agreements with other countries: 1960 and 1963
260 _aNew Delhi
_bMinistry of commerce & Industry
_c1963
942 _cBK
999 _c20054
_d20054